000 00435nam a2200169Ia 4500
003 GCL
008 140319s9999 xx 000 0 ara d
040 _aGCL /
_cGCL
082 0 4 _a943.7
_bت ش
245 1 0 _aتشيكوسلوفاكيا الصديقة ج1
300 _a224 ص
490 _a
650 0 4 _aالاشتراكية
650 0 4 _aالاحزاب السياسية
650 0 4 _aتشيكوسلوفاكيا
942 _2ddc
_cBK
999 _c39589
_d39589